Safety higher on corporate priorities agenda (Record no. 72624)

MARC details
000 -LEADER
fixed length control field 00906cam a2200205 4500
001 - CONTROL NUMBER
control field WB3917-10
008 - FIXED-LENGTH DATA ELEMENTS--GENERAL INFORMATION
fixed length control field 030506n2003 000 0 eng u
035 ## - SYSTEM CONTROL NUMBER
System control number (Sirsi) u122196
245 ## - TITLE STATEMENT
Title Safety higher on corporate priorities agenda
260 ## - PUBLICATION, DISTRIBUTION, ETC.
Date of publication, distribution, etc. 2003
490 ## - SERIES STATEMENT
Series statement Health and Safety Bulletin
Volume/sequential designation (318) May 2003, 2(1)
520 ## - SUMMARY, ETC.
Summary, etc. Workplace safety is increasingly being seen as a corporate priority, according to a MORI poll carried out for the British Safety Council (BSC). One in five (21%) industry leaders singled out improving workplace safety compared with 16% in a similar survey in 2001 and 13% in 2000. "Attitudes of Britain's captains for industry", http://www.britishsafetycouncil.org
590 ## - LOCAL NOTE (RLIN)
Local note WB
650 ## - SUBJECT ADDED ENTRY--TOPICAL TERM
Topical term or geographic name entry element WORKPLACE RISK ASSESSMENT
650 ## - SUBJECT ADDED ENTRY--TOPICAL TERM
Topical term or geographic name entry element MORI
650 ## - SUBJECT ADDED ENTRY--TOPICAL TERM
Topical term or geographic name entry element SAFETY STANDARDS
650 ## - SUBJECT ADDED ENTRY--TOPICAL TERM
Topical term or geographic name entry element DIRECTORS RESPONSIBILITIES
690 ## - LOCAL SUBJECT ADDED ENTRY--TOPICAL TERM (OCLC, RLIN)
Topical term or geographic name as entry element Health and safety
9 (RLIN) 6244
942 ## - ADDED ENTRY ELEMENTS (KOHA)
Suppress in OPAC 0
Holdings
Withdrawn status Lost status Source of classification or shelving scheme Damaged status Not for loan Home library Current library Shelving location Date acquired Total Checkouts Full call number Barcode Date last seen Copy number Price effective from Koha item type
    Dewey Decimal Classification     London London News article 06/05/2003   WB3917-10 122196-1001 06/08/2019 1 06/08/2019 News article